| 000 | 00730nam a22002417a 4500 | ||
|---|---|---|---|
| 003 | 0 | ||
| 005 | 20180821122322.0 | ||
| 008 | 0 | ||
| 010 | _aB-220032 | ||
| 020 |
_c1075.00 _a9788170003847 |
||
| 035 | _aB-220032, B-220035, B-220042 | ||
| 037 | _bCen Lib/Ret | ||
| 040 |
_aDPL _bEN _c0 |
||
| 082 |
_a025.316 _bASW |
||
| 100 |
_aAswal, R. S. _936377 |
||
| 245 |
_aMARC 21 : _cby R. S. Aswal _bcataloging format for 21st century / |
||
| 260 |
_bEss Ess Publications _aNew Delhi _c2004 |
||
| 270 |
_bNew Delhi _a4837/24, Ansari Road, Darya Ganj _e110002 |
||
| 300 |
_a514p. _c22cm(Hb) |
||
| 650 |
_aMARC format _936378 |
||
| 650 |
_aMachine-readable bibliographic data _936379 |
||
| 942 |
_2ddc _cEN _h025.316 _mASW |
||
| 999 |
_c132979 _d132979 |
||